000 00614nam a22001817a 4500
005 20251108172651.0
008 250721s1999 xx 000 0 ara d
082 1 4 _a658,404/جام
100 1 _aجاموس، مصطفى
_eمؤلف
245 1 0 _aالدليل العملي لدراسة الجدوى وتقييم المشاريع الإستثمارية /
264 1 _aعمان :
_bمركز الفارس،
_c1999.
300 _a237 ص.
650 1 7 _aدراسات الجدوى
650 1 7 _aالمشاريع الإستثمارية
650 1 7 _aدراسة المشاريع
942 _2ddc
_cBK
999 _c85399
_d85399